000 00772nab a2200241 u 4500
001 17306
003 HDC
007 cr bn ---aaaaa
008 210223c20091209xx dr|noo 0 a eng d
040 _aHDC
245 0 _aMalaysia must rebrand to woo the world
260 _a[No place] :
_b[publisher not identified],
_c2009
336 _atext
_2rdacontent
337 _acomputer
_2rdamedia
338 _aonline resource
_2rdacarrier
650 _acountry brand
_916768
650 _aEconomic sector
_98398
710 _aHalal Focus
856 _zRequest full-text at [email protected]
942 _2lcc
942 _cNEWS
942 _kNWSO 005890
999 _c14622
_d14622